02477nam a22002417a 450000500170000000800410001702000180005804000070007604100120008308200220009510000340011724500640015126000370021530000290025236500530028152014480033465000230178265000310180594200120183699900190184895201840186795201840205120251208103957.0220824b ||||| |||| 00| 0 eng d a9789351190806 cAL aEnglish 223a005.276bDTEA aDT Editorial Services9248200 aASP.NET 4.5 Covers C # 2012 and VB 2012 Codesb: Black Book aNew DelhibDreamtech Pressc2018 axxxi,1263pbPBc24x18 cm a3741b₹639.00c₹d₹799.00e20%f23-08-2022 aASP.NET 4.5 Black Book is the one-time reference book, written from the programmer’s point of view, containing hundreds of examples and covering nearly every aspect of ASP.NET 4.5 in both VB and C#. It will help you to master the entire spectrum of ASP.NET— from features of ASP.NET 4.5 to securing ASP.NET 4.5 pages, from standard and advance controls to CSS Style manager, from Web services to WCF services, from Web Parts Framework to AJAX, from XML to LINQ, from Silverlight to WPF, from COM + to RSS and Atom feed, and from IIS to CardSpace. This book will help you to: Work with various ASP.NET 4.5 controls—Standard, Validation, Data, Navigation, Login, Web parts, and HTML Personalize websites with the help of Web parts Work with LINQ queries and XML Get an insight into various technologies—AJAX, WPF, and Silverlight Use master pages for applying a single theme for a complete Web application Understand the concepts of Caching and Globalization Work with Web services and WCF services Track an application using Performance Counters and Trace class Display personalized information on websites using User profiles Understand .NET Compact Framework and Mobile application architecture Understand Component Object Model (COM+) Work with RSS feed and Atom feed Understand Internet Information Services (IIS 7.5) CSS Style Manager Database Controls LINQ Queries Entity Framework Data Services Framework Dynamic Data Framework  aASP.NET 4.5955290 aASP.NET Web service955291 2ddccBK c224469d224469 00102ddc40708CAAaALbALd2022-08-24eBiblios Book Point, Surathkal, Mangalore-575014g639.00l1o005.276 DTEAp076009r2024-12-06 00:00:00s2024-07-06v799.00w2022-08-24yBK 00102ddc40708CAAaALbALd2022-08-24eBiblios Book Point, Surathkal, Mangalore-575014g639.00l1o005.276 DTEAp076010r2024-10-24 00:00:00s2024-07-01v799.00w2022-08-24yBK